Central Library || Chittagong University

The world directorye of multinational enterprises ./ (Record no. 110561)

MARC details
000 -LEADER
fixed length control field 00513nam a22001697a 4500
003 - CONTROL NUMBER IDENTIFIER
control field BD-ChCU
005 - DATE AND TIME OF LATEST TRANSACTION
control field 20251228092108.0
008 - FIXED-LENGTH DATA ELEMENTS--GENERAL INFORMATION
fixed length control field 251228b bg ||||| |||| 00| 0 ben d
040 ## - CATALOGING SOURCE
Transcribing agency BD-ChCU
082 ## - DEWEY DECIMAL CLASSIFICATION NUMBER
Classification number REF 382.102 STW
100 ## - MAIN ENTRY--PERSONAL NAME
Personal name Stopford , John M.
9 (RLIN) 18351
245 ## - TITLE STATEMENT
Title The world directorye of multinational enterprises ./
Statement of responsibility, etc. M. John , Stopford .
260 ## - PUBLICATION, DISTRIBUTION, ETC.
Place of publication, distribution, etc. New York :
Name of publisher, distributor, etc. Facts on file
Date of publication, distribution, etc. C 1980
300 ## - PHYSICAL DESCRIPTION
Extent vol . 1&2.
650 #0 - SUBJECT ADDED ENTRY--TOPICAL TERM
Topical term or geographic name entry element International business enterprises.
9 (RLIN) 18354
942 ## - ADDED ENTRY ELEMENTS (KOHA)
Source of classification or shelving scheme Dewey Decimal Classification
Koha item type Books
Suppress in OPAC No
Holdings
Withdrawn status Lost status Source of classification or shelving scheme Damaged status Not for loan Home library Current library Shelving location Date acquired Source of acquisition Total Checkouts Full call number Barcode Date last seen Copy number Price effective from Koha item type Public note
    Dewey Decimal Classification     Chittagong University Library Chittagong University Library Reference 12/28/2025 Purchase   REF 382.102 STW 144487 12/28/2025 C-1 12/28/2025 Books V.1:
    Dewey Decimal Classification     Chittagong University Library Chittagong University Library Reference 12/28/2025 Purchase   REF 382.102 STW 144488 12/28/2025 C-2 12/28/2025 Books V.1:
    Dewey Decimal Classification     Chittagong University Library Chittagong University Library Reference 12/28/2025 Purchase   REF 382.102 STW 144489 12/28/2025 C-3 12/28/2025 Books V.2:
    Dewey Decimal Classification     Chittagong University Library Chittagong University Library Reference 12/28/2025 Purchase   REF 382.102 STW 144490 12/28/2025 C-4 12/28/2025 Books V.2:
© Copyright 2026. Chittagong University Library, Installation and Maintenance by Prof. Dr. Md. Alamgir, 01711306253